000 00438nam a2200181Ia 4500
003 GCL
008 140319s9999 xx 000 0 eng d
040 _aGCL /
_cGCL
082 0 4 _a923
_bA A
100 1 _aALLBEURY, TED.
245 1 0 _aALL OUR TOMORROWS /
_cALLBEURY, TED.
260 _a[S.N] :
_bGRANADA. ،
_c1983
300 _a348 P
650 0 4 _aENGLISH LITERATURE
650 0 4 _aLITERATURE
650 0 4 _aFICTION
942 _2ddc
_cBK
999 _c13094
_d13094